| 000 | 00771nam a22001817a 4500 | ||
|---|---|---|---|
| 003 | JO-AjAnu | ||
| 005 | 20240611123833.0 | ||
| 008 | 240611b jo ||||| |||| 00| 0 ara d | ||
| 020 | _a9789957653309 | ||
| 040 |
_aJO-AjAnu _bara _cJO-AjAnu |
||
| 041 | 0 | _hara | |
| 100 |
_aبطوطة، ضاري _965463 _eمؤلف |
||
| 245 |
_aمرض القرن (الزهايمر) : العلاج بالتمارين الرياضية والترويح = Alzheimers Disease
: Treatment by Sport and Recreation _c/ ضاري بطوطة ؛ سحر بطوطة |
||
| 260 |
_aعمان: _bدار المعتز للنشر والتوزيع، _c2023 |
||
| 650 | 7 | _vالعلاج بالتمارين-الزهايمر | |
| 700 |
_aسحر بطوطة _965464 _eمؤلف مشارك |
||
| 942 |
_2lcc _cBK _n0 |
||
| 999 |
_c33538 _d33538 |
||